| 000 | 01169nam a22003737a 4500 | ||
|---|---|---|---|
| 001 | BR7906891 | ||
| 003 | BR-BrBNA | ||
| 005 | 20230928090224.0 | ||
| 007 | ta | ||
| 008 | 230509b bl.||||| |||| 00| 0 por d | ||
| 040 |
_aBR-BrBNA _bpor _cBiblioteca Nacional de Agricultura |
||
| 041 | _a(Por) | ||
| 072 |
_aL00; Q10; E10 _b9410 _b/G514 |
||
| 090 | _ 9410 BR7906891 | ||
| 110 | 1 |
_aConselho de Desenvolvimento do Extremo Sul, Curitiba, PR (Brasil) _92596 |
|
| 245 | 1 | _aAnalise do setor produtivo do leite. Relacoes entre agricultura e industria do Norte do Parana [producao leiteira, industrializacao, politica economica, Brasil] | |
| 260 | 3 |
_aCuritiba, PR (Brasil): _c1979. |
|
| 300 | _a86 p. | ||
| 500 | _a15 tables; 26 ref. | ||
| 650 | _aPRODUCAO ANIMAL | ||
| 650 | _aTECNOLOGIA DE ALIMENTO | ||
| 650 | _aMACROECONOMIA | ||
| 650 | _aLEITE | ||
| 650 | _aPRODUCAO LEITEIRA | ||
| 650 | _aREBANHO | ||
| 650 | _aINDUSTRIA ALIMENTICIA | ||
| 650 | _aDESENVOLVIMENTO INDUSTRIAL | ||
| 650 | _aINDUSTRIALIZACAO | ||
| 650 | _aPOLITICA ECONOMICA | ||
| 650 | _aREGIAO NORTE | ||
| 650 | _aPARANA | ||
| 909 |
_a202309 _bLucia _c55 _dLucia Elande |
||
| 942 | _cBK | ||
| 999 |
_c28105 _d28105 |
||